000 00346nam a2200145Ia 4500
008 191201s1996 xx 000 0 und d
082 _a677.02822
_bTAC
100 _aTAGGART, William
245 0 _aCotton Spinning
250 _a1st
260 _aN.Delhi
_bAbhishek Publications
_c1996
300 _a490
650 _aB.Tech(TE)
942 _2ddc
_cBK
999 _c2560
_d2560